[Event "Chigorin Memorial 30th"]
[Site "St Petersburg"]
[Date "2023.10.29"]
[Round "9"]
[White "Fomina, Elizaveta"]
[Black "Dagaev, Dmitry"]
[Result "1-0"]
[WhiteElo "1451"]
[BlackElo "2084"]
[PlyCount "113"]
[EventDate "2023.10.21"]
[EventType "swiss"]
[EventRounds "9"]
[EventCountry "RUS"]
[SourceTitle "Mega2024 Update 01"]
[Source "Chessbase"]
[SourceDate "2023.11.12"]
[SourceVersion "1"]
[SourceVersionDate "2023.11.12"]
[SourceQuality "1"]

1. d4 Nf6 2. c4 e6 3. Nc3 Bb4 4. Qc2 0-0 5. a3 Bxc3+ 6. Qxc3 b6 7. Bg5 h6 8. Bh4 Bb7 9. f3 g5 10. Bf2 d5 11. e3 Nbd7 12. Bd3 c5 13. Ne2 Rc8 14. Qd2 cxd4 15. Nxd4 dxc4 16. Bc2 Ne5 17. e4 Nc6 18. h4 g4 19. 0-0-0 e5 20. Nf5 Qxd2+ 21. Rxd2 h5 22. Rd6 Ne8 23. Rh6 Ng7 24. Nxg7 Kxg7 25. Rxh5 gxf3 26. gxf3 Kf6 27. Be3 Nd4 28. Rd1 Nxc2 29. Rh6+ Ke7 30. Kxc2 Rc6 31. Rh7 Rg6 32. Bg5+ Ke6 33. Kc3 Ba6 34. a4 b5 35. a5 Bc8 36. Kb4 Bd7 37. a6 Rc8 38. Rxf7 Kxf7 39. Rxd7+ Kf8 40. Rxa7 Rcc6 41. Kxb5 Rb6+ 42. Kxc4 Rxb2 43. Rb7 Rxb7 44. axb7 Rb6 45. Kd5 Rxb7 46. Kxe5 Kf7 47. Kf5 Rb5+ 48. e5 Ra5 49. h5 Ra1 50. f4 Rg1 51. h6 Kg8 52. Kf6 Rg3 53. e6 Kf8 54. f5 Rg1 55. e7+ Ke8 56. h7 Rh1 57. Kg7 1-0

[Event "Chigorin Memorial 30th"]
[Site "St Petersburg"]
[Date "2023.10.28"]
[Round "8"]
[White "Kramarenko, Ekaterina"]
[Black "Fomina, Elizaveta"]
[Result "0-1"]
[WhiteElo "1696"]
[BlackElo "1451"]
[PlyCount "70"]
[EventDate "2023.10.21"]
[EventType "swiss"]
[EventRounds "9"]
[EventCountry "RUS"]
[SourceTitle "Mega2024 Update 01"]
[Source "Chessbase"]
[SourceDate "2023.11.12"]
[SourceVersion "1"]
[SourceVersionDate "2023.11.12"]
[SourceQuality "1"]

1. e4 e5 2. Nf3 Nc6 3. Nc3 Nf6 4. d4 exd4 5. Nxd4 Bb4 6. Nxc6 bxc6 7. Bd3 d5 8. exd5 cxd5 9. 0-0 0-0 10. Bg5 c6 11. Qf3 Bd6 12. Rfe1 Rb8 13. Rab1 h6 14. Bf4 Qc7 15. Bxd6 Qxd6 16. h3 Bd7 17. Ne2 Rfe8 18. b3 Ne4 19. Bxe4 Rxe4 20. Ng3 Re7 21. Re3 Rbe8 22. Rxe7 Rxe7 23. a4 Qc5 24. Qd3 Qa5 25. Qd4 Be6 26. Rd1 c5 27. Qe5 Qc7 28. Qc3 d4 29. Qf3 Qb7 30. Qf4 Bc8 31. Rd3 Qc7 32. Qh4 Re1+ 33. Kh2 Bf5 34. Rd2 Bg6 35. b4 Re4 0-1

[Event "Chigorin Memorial 30th"]
[Site "St Petersburg"]
[Date "2023.10.27"]
[Round "7"]
[White "Fomina, Elizaveta"]
[Black "Borshch, Alexei"]
[Result "1/2-1/2"]
[WhiteElo "1451"]
[BlackElo "1568"]
[PlyCount "80"]
[EventDate "2023.10.21"]
[EventType "swiss"]
[EventRounds "9"]
[EventCountry "RUS"]
[SourceTitle "Mega2024 Update 01"]
[Source "Chessbase"]
[SourceDate "2023.11.12"]
[SourceVersion "1"]
[SourceVersionDate "2023.11.12"]
[SourceQuality "1"]

1. d4 d5 2. c4 dxc4 3. Nf3 Nf6 4. e3 e6 5. Bxc4 c5 6. 0-0 Nc6 7. Nc3 cxd4 8. exd4 Be7 9. d5 exd5 10. Nxd5 Nxd5 11. Qxd5 Be6 12. Qxd8+ Nxd8 13. Bb5+ Kf8 14. Be3 Bf6 15. Bc5+ Kg8 16. Bd4 Bxd4 17. Nxd4 g6 18. Rfc1 Kg7 19. Rc7 a6 20. Bd3 Rc8 21. Rxc8 Bxc8 22. Rc1 Ne6 23. Nxe6+ Bxe6 24. a3 Bd5 25. f3 Rd8 26. Rc3 Kf6 27. Kf2 Ke5 28. Be2 Kd6 29. b4 Re8 30. Bd3 f5 31. f4 Bc6 32. Bc4 Be4 33. Bb3 Bc6 34. Rd3+ Kc7 35. g3 Re7 36. Rd2 Be4 37. Bc2 Bxc2 38. Rxc2+ Kd7 39. Rc5 Kd6 40. h3 Re6 1/2-1/2

[Event "Chigorin Memorial 29th"]
[Site "St Petersburg"]
[Date "2022.10.29"]
[Round "8"]
[White "Vasiljev, Artem"]
[Black "Fomina, Elizaveta"]
[Result "0-1"]
[WhiteElo "1736"]
[BlackElo "1330"]
[PlyCount "87"]
[EventDate "2022.10.22"]
[EventType "swiss"]
[EventRounds "9"]
[EventCountry "RUS"]
[SourceTitle "EXT 2024"]
[Source "ChessBase"]
[SourceDate "2023.10.10"]
[SourceVersion "1"]
[SourceVersionDate "2023.10.10"]
[SourceQuality "1"]

1. e4 e6 2. d4 d5 3. Nc3 Nf6 4. e5 Nfd7 5. f4 c5 6. Nf3 Nc6 7. Be3 a6 8. a3 b5 9. Ne2 Be7 10. c3 f6 11. Ng3 0-0 12. Bd3 f5 13. 0-0 cxd4 14. Nxd4 Nxd4 15. cxd4 Nb6 16. h3 Bd7 17. Nh1 Kh8 18. g4 g6 19. g5 Qc7 20. Bd2 Qb7 21. Qe2 Rfc8 22. Ng3 Kg7 23. Ra2 Ra7 24. Qe3 Rh8 25. h4 Raa8 26. Ba5 Rab8 27. Rc1 Rhc8 28. Rd1 Rh8 29. Be2 Rhc8 30. h5 Rh8 31. Rda1 Rbc8 32. h6+ Kf7 33. Nf1 Rhf8 34. Nd2 Rc6 35. Nf3 Rfc8 36. Qd2 Bd8 37. Ne1 Be7 38. Nd3 Qa7 39. Bb4 Be8 40. Bxe7 Qxe7 41. Qb4 Qa7 42. Nc5 Nd7 43. Nxd7 Bxd7 44. Qd2 0-1

[Event "Chigorin Memorial 29th"]
[Site "St Petersburg"]
[Date "2022.10.27"]
[Round "6"]
[White "Miftakhova, Azalia"]
[Black "Fomina, Elizaveta"]
[Result "1-0"]
[WhiteElo "1559"]
[BlackElo "1330"]
[PlyCount "101"]
[EventDate "2022.10.22"]
[EventType "swiss"]
[EventRounds "9"]
[EventCountry "RUS"]
[SourceTitle "EXT 2024"]
[Source "ChessBase"]
[SourceDate "2023.10.10"]
[SourceVersion "1"]
[SourceVersionDate "2023.10.10"]
[SourceQuality "1"]

1. e4 e6 2. d4 d5 3. Nc3 Nf6 4. e5 Nfd7 5. f4 c5 6. Nf3 Nc6 7. Be3 a6 8. Ne2 Qb6 9. Qc1 Be7 10. c3 f6 11. exf6 Nxf6 12. dxc5 Bxc5 13. Ned4 Nxd4 14. Nxd4 Qd6 15. Be2 0-0 16. 0-0 Bd7 17. Kh1 h5 18. Qd1 g6 19. Qc2 Kf7 20. Bd3 Rg8 21. Rae1 Rg7 22. Nf3 Ke7 23. Ng5 Ng4 24. Bxc5 Qxc5 25. Qe2 e5 26. fxe5 Bf5 27. Bxf5 gxf5 28. Nf3 f4 29. Nd4 Rf8 30. Qf3 Rff7 31. e6 Rf6 32. h3 Rh7 33. Qd3 Rh8 34. b4 Qc7 35. Nf5+ Ke8 36. Qxd5 Rh7 37. Rd1 f3 38. Nd6+ Ke7 39. Rxf3 Nf2+ 40. Rxf2 Rxf2 41. Nf5+ Kf6 42. Qd4+ Qe5 43. Qxf2 Qxf5 44. Qd4+ Kg6 45. Qd3 Re7 46. Qg3+ Kh6 47. Rd8 Qf1+ 48. Kh2 Qf6 49. Qe3+ Kg7 50. Rd7 Rxd7 51. exd7 1-0